Sophocles antigone / (Record no. 130420)

MARC details
000 -LEADER
fixed length control field 00604nam a22002177a 4500
005 - DATE AND TIME OF LATEST TRANSACTION
control field 20170124110111.0
010 ## - LIBRARY OF CONGRESS CONTROL NUMBER
LC control number A-716289
020 ## - INTERNATIONAL STANDARD BOOK NUMBER
Terms of availability 40.00
035 ## - SYSTEM CONTROL NUMBER
System control number A-716289
037 ## - SOURCE OF ACQUISITION
Source of stock number/acquisition Cen Lib/Ret
040 ## - CATALOGING SOURCE
Original cataloging agency DPL
Language of cataloging EN
082 ## - DEWEY DECIMAL CLASSIFICATION NUMBER
Classification number 898.208
Item number SOP
245 ## - TITLE STATEMENT
Title Sophocles antigone /
Statement of responsibility, etc edited by K. G. Srivastava
260 ## - PUBLICATION, DISTRIBUTION, ETC. (IMPRINT)
Place of publication, distribution, etc Allahabad
Name of publisher, distributor, etc Kitab Mahal
Date of publication, distribution, etc 1994
270 ## - ADDRESS
City Allahabad
Address 22-A, S.N. Marg
300 ## - PHYSICAL DESCRIPTION
Extent 94p.
Dimensions 21cm(Hb)
650 ## - SUBJECT ADDED ENTRY--TOPICAL TERM
Topical term or geographic name as entry element Antigone (Sophocles)
9 (RLIN) 29162
650 ## - SUBJECT ADDED ENTRY--TOPICAL TERM
Topical term or geographic name as entry element Greek drama
9 (RLIN) 29163
700 ## - ADDED ENTRY--PERSONAL NAME
Personal name Srivastava, K. G.
9 (RLIN) 29164
942 ## - ADDED ENTRY ELEMENTS (KOHA)
Source of classification or shelving scheme Dewey Decimal Classification
Koha item type English Books
Classification part 898.208
Call number suffix SOP
Holdings
Withdrawn status Lost status Damaged status Not for loan Home library Current library Date acquired Source of acquisition Cost, normal purchase price Total Checkouts Full call number Barcode Date last seen Copy number Cost, replacement price Price effective from Koha item type Public note
Written off       Central Library Central Library 09/07/2015 Cen Lib/Ret 40.00   898.208 SOP A-716289 09/07/2015 1 40.00 09/07/2015 English Books Written off on approval by DLB (By Circulation); dtd 15-06-2023

© Delhi Public Library
Hit Counter
free hit counter